000
00288nam a22001337a 4500
008
180926b xxu||||| |||| 00| 0 eng d
020
_a
9781908230218
041
_a
eng
080
_a
573
100
_a
11
101
_a
BIO
245
_a
Microbial Efflux Pumps
_c
Yu,E.W
942
_2
udc
_c
BK
999
_c
48481
_d
48481